Obytná štvrť pre občanov a výskumníkov, Helsinky, Fínsko
Na minha lista:
| Autor principal: | |
|---|---|
| Outros Autores: | |
| Formato: | Manuscrito Livro |
| Idioma: | eslovaco |
| Publicado em: |
2024
|
| Assuntos: | |
| Acesso em linha: | http://is.stuba.sk/zp/portal_zp.pl?podrobnosti=181783 https://opac.crzp.sk/?fn=detailBiblioForm&sid=AA0D9432EF6DE826C919194F11D3 |
| Tags: |
Sem tags, seja o primeiro a adicionar uma tag!
|
MARC
| LEADER | 00000ntm a22000003a 4500 | ||
|---|---|---|---|
| 001 | stuzp98891 | ||
| 003 | SK-STU | ||
| 005 | 20240909154117.4 | ||
| 007 | ta | ||
| 008 | 150427s2015----xo-----f-mn---000-0-slo-d | ||
| 040 | |a STU |b slo | ||
| 041 | 0 | |a slo | |
| 100 | 1 | |a Sobolová, Katarína |u 010310 |4 aut |U SvF Stavebná fakulta |T SvF Katedra architektúry |X 93192 |U V181|V310 |Y 19 |7 93192 | |
| 242 | 0 | 1 | |a Residential area for citizens and researchers, Helsinki, Finland |y eng |
| 245 | 1 | 0 | |a Obytná štvrť pre občanov a výskumníkov, Helsinky, Fínsko |
| 260 | |c 2024 | ||
| 650 | 4 | |a Helsinki |2 slo | |
| 650 | 4 | |a bývanie |2 slo | |
| 650 | 4 | |a rezidencia |2 slo | |
| 650 | 4 | |a Helsinki |2 eng | |
| 650 | 4 | |a residence |2 eng | |
| 650 | 4 | |a housing |2 eng | |
| 700 | 1 | |a Ruhig, Roman |u 010310 |k Z1 |4 ths |U SvF Stavebná fakulta |T SvF Katedra architektúry |X 7452 |U V181|V310 |Y 19 |7 A000007452 | |
| 856 | 4 | |u http://is.stuba.sk/zp/portal_zp.pl?podrobnosti=181783 | |
| 856 | 4 | |u https://opac.crzp.sk/?fn=detailBiblioForm&sid=AA0D9432EF6DE826C919194F11D3 | |